| 000 | 00839cam a2200241 a 4500 | ||
|---|---|---|---|
| 020 | _a9780896297951 (pbk. : alk. paper) | ||
| 020 | _a0896297950 (pbk. : alk. paper) | ||
| 040 | _cDNAL | ||
| 082 | 0 | 0 | _a338 IPR 2013 C150 Or. |
| 245 | 0 | 0 |
_aGenetically modified crops in Africa : _beconomic and policy lessons from countries south of the Sahara / |
| 260 |
_aWashington, DC : _bInternational Food Policy Research Institute, _cc2013. |
||
| 300 |
_axiv, 244 p. : _billustrations ; _c23 cm. |
||
| 500 | _a"A peer-reviewed publication." | ||
| 650 | 0 | _aTransgenic plants | |
| 650 | 0 | _aTransgenic plants | |
| 650 | 0 | _aCrops | |
| 650 | 0 | _aCrops | |
| 700 | 1 | _aFalck-Zepeda, José Benjamin. | |
| 700 | 1 | _aGruère, Guillaume P. | |
| 700 | 1 | _aSithole-Niang, Idah. | |
| 710 | 2 | _aInternational Food Policy Research Institute. | |
| 942 | _cAEDBB | ||
| 999 |
_c18658 _d18658 |
||